| 000 | 00431nam a2200157Ia 4500 | ||
|---|---|---|---|
| 008 | 151213s9999 xx 000 0 und d | ||
| 100 | _aGeorge Quasha | ||
| 245 |
_aJames Joyce A Portrait of the Artist as a Young Man _cGeorge Quasha |
||
| 250 | _a1st | ||
| 260 |
_aNew York _bMonarch Press _c1916 |
||
| 300 | _a4906 p. | ||
| 650 | _aEnglish Literature | ||
| 650 | _aEnglish Literature | ||
| 700 | _aGeorge Quasha | ||
| 999 |
_c3083 _d3083 |
||